| 000 -LEADER |
| fixed length control field |
00635nam a2200217Ia 4500 |
| 001 - CONTROL NUMBER |
| control field |
3356 |
| 003 - CONTROL NUMBER IDENTIFIER |
| control field |
GE_BSU |
| 008 - FIXED-LENGTH DATA ELEMENTS--GENERAL INFORMATION |
| fixed length control field |
181216s||||||||xx |||||||||||||| ||und|| |
| 040 ## - CATALOGING SOURCE |
| Transcribing agency |
GE_BSU |
| 080 ## - UNIVERSAL DECIMAL CLASSIFICATION NUMBER |
| Universal Decimal Classification number |
621.9.06(035.3) |
| 245 ## - TITLE STATEMENT |
| Title |
Металлорежущие станки.Часть 2.Станки токарной группы. |
| 245 ## - TITLE STATEMENT |
| Remainder of title |
Каталог-справочник. |
| 245 ## - TITLE STATEMENT |
| Statement of responsibility, etc. |
Ред.А.Б.Бельская |
| 260 ## - PUBLICATION, DISTRIBUTION, ETC. |
| Place of publication, distribution, etc. |
М. |
| 260 ## - PUBLICATION, DISTRIBUTION, ETC. |
| Name of publisher, distributor, etc. |
Нимаш. |
| 260 ## - PUBLICATION, DISTRIBUTION, ETC. |
| Date of publication, distribution, etc. |
1969. |
| 300 ## - PHYSICAL DESCRIPTION |
| Extent |
381 стр. с илл. 22 см. |
| 300 ## - PHYSICAL DESCRIPTION |
| Accompanying material |
табл. |
| 653 ## - INDEX TERM--UNCONTROLLED |
| Uncontrolled term |
Металлорежущие станки. |
| 942 ## - ADDED ENTRY ELEMENTS (KOHA) |
| Koha item type |
წიგნი |